| 000 | 00414pam a2200169a 44500 | ||
|---|---|---|---|
| 008 | 230405s2007 xxu||||| |||| 00| 0 eng d | ||
| 020 |
_a8184481101 _cRs. 275 |
||
| 082 |
_a610.73 _bGUP |
||
| 100 | _aGupta, L.C. | ||
| 245 | _aPractical Nursing Procedure | ||
| 250 | _a3rd Ed. | ||
| 260 |
_aNew Delhi _bJaypee Pub _c2007 |
||
| 300 | _a551 p | ||
| 700 | _aGupta, Priya | ||
| 700 | _aSahu, UG. | ||
| 906 | _a001603 | ||
| 999 |
_c250296 _d250296 |
||